00476nam a2200157Ia 450000100060000000800410000602000070004704000130005408200220006710000170008924500950010626000740020150100110027554600070028665000250029355194140505s9999 xx 000 0 und d aNA cPK-LaUMT aMAL 333.914bOCE- aAbrahim Lavi aOcean thermal energy conversion conference [5th: 1978: Miami Beach, Flirida]cAbrahim Lavi aMiami,USA:bThe Clean Energy Research Institute, Uni. of Miami,c1978 a2 vols aEN aOcean thermal energy